| 000 | 00778nab a2200241 u 4500 | ||
|---|---|---|---|
| 001 | 15630 | ||
| 003 | HDC | ||
| 007 | cr bn ---aaaaa | ||
| 008 | 210218c20150604my dr|nes 0 a may d | ||
| 040 | _aHDC | ||
| 245 | 0 | _aTarik usahawan teroka industri halal | |
| 260 |
_aKuala Lumpur : _bThe New Straits Times Press (M) Bhd., _c2015 |
||
| 336 |
_atext _2rdacontent |
||
| 337 |
_acomputer _2rdamedia |
||
| 338 |
_aonline resource _2rdacarrier |
||
| 650 |
_aentrepreneurs _951 |
||
| 650 |
_aHalal industry _9144 |
||
| 710 | _aHarian Metro | ||
| 856 | _zRequest full-text at [email protected] | ||
| 942 | _2lcc | ||
| 942 | _cNEWS | ||
| 942 | _kNWSC 005839 | ||
| 999 |
_c12946 _d12946 |
||